000 00772nam a2200181Ia 4500
008 100921s9999 xx 000 0 und d
082 _b27632
_a808.5 थ 95
100 _aरानडे अशोक.
245 _aभाषणरंग व्यासपीठ आणि रंगपीठ.
260 _bपॉप्युलर प्रकाशन, मुंबई.
_c1995
300 _a278
_bरसिक साहित्य,पुणे
365 _b160
520 _aललित-भाषणकला.
630 _aभाषणरंग व्यासपीठ आणि रंगपीठ.
650 _aललित-भाषणकला.
730 _aभाषणरंग व्यासपीठ आणि रंगपीठ.
942 _cBOOK
999 _c776745
_d776742